| 000 | 00675nam a22001937a 4500 | ||
|---|---|---|---|
| 999 |
_c8017 _d8017 |
||
| 003 | OSt | ||
| 005 | 20220829170243.0 | ||
| 008 | 220829b ||||| |||| 00| 0 eng d | ||
| 020 | _a9780831143312 | ||
| 040 | _cddc | ||
| 082 | _a621.8021 MAC 2020 | ||
| 100 |
_aohn M. Amiss; Franklin D. Jones; Henry H. Ryffel ; Christopher J. McCauley _916303 |
||
| 245 |
_aMachinery's handbook guide to 31st Edition.: _b Guide to tables, formulas and more in the 31st Editio. |
||
| 260 |
_aNew York : _b Industrial Press; _c2020 |
||
| 300 |
_ax, 290 p. : _b ill. ; _c18 cm |
||
| 504 | _aIncludes index | ||
| 650 |
_aMechanical engineering -- Handbooks, manuals _916304 |
||
| 942 |
_2ddc _cBOOK |
||